Les modèles grecs de salluste /

Guardado en:
Autor Principal: Perrochat, Paul
Formato: Libro
Publicado: Paris : Les Belles Lettres, 1949
Materias:
Etiquetas: Agregar Etiqueta
Sin Etiquetas, Sea el primero en etiquetar este registro!
LEADER 00634nam a22002055a 4500
001 EHU.bham044982
003 AR-BHAM
005 20171024153645.0
008 130507s1949##################000#0#####d
082 8 7 |a 878.07 
100 1 |a Perrochat, Paul 
245 1 0 |a Les modèles grecs de salluste /  |c  Paul Perrochat 
260 |a Paris :  |b Les Belles Lettres,  |c 1949 
300 |a 86 p. 
500 |a Ejemplar fotocopiado 
600 1 4 |a Salustio, Cayo C. 
653 |a Literatura latina-estudios sobre 
653 |a Literatura clásica-estudios sobre 
653 |a Cultura clásica 
859 |a AR-BHAM  |b BIB. HUMANIDADES - General  |h 878.07  |i P426  |p 392.17  |t Ej.1